000 01094cam a22001694a 4500
005 20250605163654.0
008 250528s ||||||||||||||||||||||||d
035 _a24017
040 _aGR-AtMCL
_bgre
_dGR-AtMCL
_eAACR2
245 1 _aSupply Chain and Logistics / Το Περιοδικό για την Εφοδιαστική Αλυσίδα
260 _bParametros Group
_bScl Magazine,
_c2021
300 _a96
520 _aDelivering Christmas εν Μέσω Διεθνούς Κρίσης στις Εφοδιαστικές Αλυσίδες, Έχει Καμία Σχέση η Διάσκεψη COP26 με το Supply Chain του Μέλλοντος;, Στόχος του Zero Mission Port για το Λιμάνι της Ηγουμενίτσας, Νέα Σημαντική Συνεργασία στον Τομέα Automation, Στόχος το Zero Mission Port για το Λιμάνι της Ηγουμενίτσας, Η Nissan Αποκαλύπτει το Ολοκαίνουργιο Επαγγελματικό Van Townstar.
942 _cCR
999 _c8920
_d8920